|
|
|
|
| LEADER |
00000nam a2200000Ii 4500 |
| 001 |
DIGDESCL0171 |
| 003 |
NyNyDIG |
| 008 |
230714s2017 sp a o 000 0 spa d |
| 006 |
m o d |
| 007 |
cr ||||||||||| |
| 035 |
|
|
|a (OCoLC)1391272813
|
| 040 |
|
|
|a DGITA
|b eng
|e rda
|e pn
|c DGITA
|
| 020 |
|
|
|a 9788433038074
|q eBook
|
| 020 |
|
|
|z 9788433028730
|
| 050 |
1 |
4 |
|a HQ10 ebook
|
| 100 |
1 |
|
|a Atkinson, Chandra,
|e author.
|
| 245 |
1 |
0 |
|a 20 ideas básicas para ayudar a crecer a tus hijos :
|b cuaderno de notas /
|c Chandra Atkinson.
|
| 246 |
3 |
|
|a Veinte ideas básicas para ayudar a crecer a tus hijos
|
| 264 |
|
1 |
|a Bilbao :
|b Desclée De Brouwer,
|c [2017]
|
| 300 |
|
|
|a 1 online resource :
|b illustrations.
|
| 336 |
|
|
|a text
|b txt
|2 rdacontent
|
| 337 |
|
|
|a computer
|b c
|2 rdamedia
|
| 338 |
|
|
|a online resource
|b cr
|2 rdacarrier
|
| 347 |
|
|
|a text file
|2 rdaft
|
| 347 |
|
|
|b EPUB
|
| 490 |
1 |
|
|a AMAE
|
| 588 |
0 |
|
|a Online resource; title from ePub title page (Digitalia, viewed July 14, 2023)
|
| 650 |
|
0 |
|a Family life education.
|
| 650 |
|
0 |
|a Parent and child.
|
| 791 |
2 |
|
|a Digitalia (Firm),
|e distributor.
|
| 793 |
0 |
|
|g Digitalia eBook Collection:
|a Desclée De Brouwer
|
| 776 |
0 |
8 |
|i Print version:
|a Atkinson, Chandra.
|t 20 ideas básicas para ayudar a crecer a tus hijos.
|d Bilbao : Desclée De Brouwer, [2017]
|z 9788433028730
|
| 830 |
|
0 |
|a AMAE (Series)
|
| 856 |
4 |
0 |
|3 Digitalia Hispánica
|u https://www.digitaliapublishing.com/a/84252/
|
| 910 |
|
|
|a Premium collection: 2023
|